| 000 | 00731cam a2200217 4500 | ||
|---|---|---|---|
| 008 | 000000n2001 000 0 eng u | ||
| 020 | _a0754513572 | ||
| 035 | _a(Sirsi) u112631 | ||
| 050 | _a336.24 | ||
| 110 |
_aTolley _93775 |
||
| 245 | _aHandbook on the Capital Allowances Act 2001. | ||
| 260 |
_aCroydon _bTolley Publishing _c2001 |
||
| 300 | _a558p. ; 24cm. | ||
| 350 | _a40.00 | ||
| 520 | _aThis book contains the full text of the Act, with accompanying commentary. The Act is fully annotated with derivation notes and cross-references to Inland Revenue Manuals where appropriate. | ||
| 650 | _aCAPITAL ALLOWANCES | ||
| 650 | _aTAX | ||
| 650 | _aCAPITAL ALLOWANCES ACT 2001 | ||
| 690 | _aTAXATION | ||
| 942 | _n0 | ||
| 999 |
_c101455 _d101455 |
||